00222nam a2200097Ia 4500100002700000654001700027245002500044260003600069300000700105546001200112 aSharma/J.N/ Gupta/R.K  amathematical aMathematical Methods bKrishna prakashanaMeerutc1990 a88 aENGLISH